<?xml version="1.0" encoding="UTF-8"?><record xmlns="http://www.loc.gov/MARC21/slim" xmlns:zs="http://docs.oasis-open.org/ns/search-ws/sruResponse">
  <leader>01658cam a22003851  4500</leader>
  <controlfield tag="001">8717298</controlfield>
  <controlfield tag="005">20250608032010.6</controlfield>
  <controlfield tag="007">cr_|||||||||||</controlfield>
  <controlfield tag="008">920706s1918    nyuaf         000 0 eng  </controlfield>
  <datafield ind1=" " ind2=" " tag="035">
    <subfield code="a">8717298</subfield>
  </datafield>
  <datafield ind1=" " ind2=" " tag="906">
    <subfield code="a">7</subfield>
    <subfield code="b">cbc</subfield>
    <subfield code="c">oclcrpl</subfield>
    <subfield code="d">u</subfield>
    <subfield code="e">ncip</subfield>
    <subfield code="f">19</subfield>
    <subfield code="g">y-gencatlg</subfield>
  </datafield>
  <datafield ind1=" " ind2=" " tag="010">
    <subfield code="a">agr19000406 </subfield>
  </datafield>
  <datafield ind1=" " ind2=" " tag="035">
    <subfield code="9">(DLC)agr19000406</subfield>
  </datafield>
  <datafield ind1=" " ind2=" " tag="035">
    <subfield code="a">(OCoLC)27275705</subfield>
  </datafield>
  <datafield ind1=" " ind2=" " tag="040">
    <subfield code="a">DLC</subfield>
    <subfield code="c">MdBJ</subfield>
    <subfield code="d">TxCM</subfield>
    <subfield code="d">NcD</subfield>
    <subfield code="d">DLC</subfield>
  </datafield>
  <datafield ind1=" " ind2=" " tag="042">
    <subfield code="a">premarc</subfield>
  </datafield>
  <datafield ind1="0" ind2="0" tag="050">
    <subfield code="a">SB608.L3</subfield>
    <subfield code="b">B6</subfield>
  </datafield>
  <datafield ind1="1" ind2=" " tag="100">
    <subfield code="a">Blackman, M. W.</subfield>
    <subfield code="q">(Maulsby Willett),</subfield>
    <subfield code="d">1876-1943.</subfield>
  </datafield>
  <datafield ind1="0" ind2="0" tag="245">
    <subfield code="a">I. Notes on insects bred from the bark and wood of the American larch.</subfield>
    <subfield code="c">By M. W. Blackman and Harry H. Stage. II. On the insect visitors to the blossoms of wild blackberry and wild spiraea --a study in seasonable distribution. By M. W. Blackman.</subfield>
  </datafield>
  <datafield ind1=" " ind2=" " tag="260">
    <subfield code="a">Syracuse,</subfield>
    <subfield code="b">The University,</subfield>
    <subfield code="c">[1918]</subfield>
  </datafield>
  <datafield ind1=" " ind2=" " tag="300">
    <subfield code="a">144 p.</subfield>
    <subfield code="b">IX pl., 2 fold. tab.</subfield>
    <subfield code="c">22 cm.</subfield>
  </datafield>
  <datafield ind1=" " ind2="0" tag="440">
    <subfield code="a">[Syracuse University bulletin]</subfield>
    <subfield code="v">v. XVIII, no. 4, May 1918</subfield>
  </datafield>
  <datafield ind1="1" ind2=" " tag="490">
    <subfield code="a">New York State College of Forestry at Syracuse University. Technical publication</subfield>
    <subfield code="v">no. 10</subfield>
  </datafield>
  <datafield ind1=" " ind2=" " tag="500">
    <subfield code="a">Versos of pl. I-VIII have description of following plate.</subfield>
  </datafield>
  <datafield ind1=" " ind2=" " tag="504">
    <subfield code="a">Literature cited: p. 144.</subfield>
  </datafield>
  <datafield ind1=" " ind2=" " tag="504">
    <subfield code="a">Bibliography: p. 110-115.</subfield>
  </datafield>
  <datafield ind1=" " ind2=" " tag="530">
    <subfield code="a">Also available in digital form.</subfield>
  </datafield>
  <datafield ind1=" " ind2="0" tag="650">
    <subfield code="a">Insects.</subfield>
  </datafield>
  <datafield ind1=" " ind2="0" tag="650">
    <subfield code="a">Flowers.</subfield>
  </datafield>
  <datafield ind1="1" ind2=" " tag="700">
    <subfield code="a">Stage, Harry Hutchinson,</subfield>
    <subfield code="d">1894-</subfield>
    <subfield code="e">joint author.</subfield>
  </datafield>
  <datafield ind1="1" ind2=" " tag="810">
    <subfield code="a">New York (State).</subfield>
    <subfield code="b">College of Forestry, Syracuse.</subfield>
    <subfield code="t">Technical publication,</subfield>
    <subfield code="v">no. 10.</subfield>
  </datafield>
  <datafield ind1="4" ind2="1" tag="856">
    <subfield code="u">http://hdl.loc.gov/loc.gdc/scd0001.00214902011</subfield>
  </datafield>
  <datafield ind1=" " ind2=" " tag="985">
    <subfield code="e">OCLC REPLACEMENT cdsdistr</subfield>
  </datafield>
  <datafield ind1=" " ind2=" " tag="985">
    <subfield code="a">massdig</subfield>
    <subfield code="e">sloan</subfield>
  </datafield>
  <datafield ind1=" " ind2=" " tag="991">
    <subfield code="b">c-GenColl</subfield>
    <subfield code="h">SB608.L3</subfield>
    <subfield code="i">B6</subfield>
    <subfield code="p">0002811932A</subfield>
    <subfield code="t">Copy 1</subfield>
    <subfield code="w">OCLCREP</subfield>
  </datafield>
</record>
